| 000 | 01252cam a2200349 i 4500 | ||
|---|---|---|---|
| 001 | 3451159 | ||
| 003 | EG-ScBUE | ||
| 005 | 20230808105048.0 | ||
| 008 | 920914r19921978nyuab f 001 0ceng d | ||
| 020 | _a0806513500 (pbk.) : | ||
| 020 | _z9780806513508 | ||
| 040 |
_aDLC _beng _erda _cDLC _dDLC _dEG-ScBUE |
||
| 082 | 0 | 4 |
_a920.02 _222 _bHAR |
| 100 | 1 |
_aHart, Michael H., _eauthor. _929408 |
|
| 245 | 1 | 4 |
_aThe 100 : _ba ranking of the most influential persons in history / _cMichael H. Hart. |
| 246 | 3 |
_aOn hundred : _ba ranking of the most influential persons in history |
|
| 250 | _aRevised and updated. | ||
| 264 | 1 |
_aNew York : _bCitadel Press, Kensington Publishing Corp., _c1992. |
|
| 300 |
_axxxix, 556 pages : _billustrations, maps ; _c26 cm |
||
| 336 |
_2rdacontent _atext _btxt |
||
| 337 |
_2rdamedia _aunmediated _bn |
||
| 338 |
_2rdacarrier _avolume _bnc |
||
| 500 | _a"A Citadel Press book." | ||
| 500 | _aIncludes index. | ||
| 500 | _aIncludes appendix. | ||
| 650 | 7 |
_aBiography. _2BUEsh _929409 |
|
| 653 | _cMarch2012 | ||
| 655 | _vReading book | ||
| 740 | 0 | _aOne hundred. | |
| 942 |
_2ddc _cBB |
||
| 999 |
_c16590 _d16590 |
||